Score 0/20 Timer 05:00
4 Plays Today
% Correct
T-Mobile
92.8%
Tide
81%
Transformers
76.9%
Tommy Hilfiger
71%
Tootsie
68.6%
Houston Texans
66%
Tennessee Titans
65.5%
TABASCO
61.4%
Tesla
56.4%
Tempur-Pedic
47.1%
% Correct
TBS
33.1%
Tottenham Hotspur FC
32.3%
TriStar Pictures
30.3%
TOMS
29.9%
ThunderCats
27.7%
Tim Hortons
25.8%
Totino's
22.4%
Touchstone Pictures
18%
Tory Burch
16.2%
TV Land
6.6%
Remove Ads.
Support Sporcle.
Get the best of Sporcle when you Go Orange. This ad-free experience offers more features, more stats, and more fun while also helping to support Sporcle. Thank you for becoming a member.

You're not logged in!

Compare scores with friends on all Sporcle quizzes.
OR
Log In

Show Comments

Extras

Top Quizzes Today


Score Distribution

Your Account Isn't Verified!

In order to create a playlist on Sporcle, you need to verify the email address you used during registration. Go to your Sporcle Settings to finish the process.

Report this User

Report this user for behavior that violates our Community Guidelines.

Details: